Statistics for Game of Thrones - Test of the Steward

Click here to take the quiz!

General Stats

  • This quiz has been taken 412 times
  • The average score is 27 of 38

Answer Stats

QuestionHintAnswer% Correct
Name Cersei's (3) childrenJoffrey
94%
What is the sigil for House Stark (be specific)?Direwolf
93%
What is the name of the event at which Robb and Catelyn Stark are murdered?The Red Wedding
91%
Tommen
89%
Name the (7) Kingdoms of WesterosThe North
88%
Name Daenerys' (3) dragonsDrogon
86%
How many people have held the title "Hand of the King"Do not include Jon Arryn4
83%
What is Littlefinger's real name?Petyr Baelish
83%
What is The Hound's real name?Sandor Clegane
82%
Lyanna Stark
81%
Dorne
77%
Myrcella
77%
Oberyn Martell
75%
Robb Stark
75%
Name the (2) people who fight for Tyrion during his Trials by Combat.Bronn
74%
What are the names of Jon Snow's parents?Rhaegar Targaryen
74%
Viserion
74%
Stannis Baratheon
73%
Name the King's from the War of the Five Kings?Joffrey Baratheon
72%
Renly Baratheon
72%
What do they call someone who has the ability to take control of an animal?Warg
71%
What does Tyrion use to destroy most of Stannis' fleet during the Battle of the Blackwater?Wildfire
71%
Longclaw
70%
Provide the name of two of the Valyarian Steel weapons mentioned during the show (be specific)Ice
69%
Rhaegal
68%
Who created the White Walkers?The Children of the Forest
67%
The Reach
67%
Riverlands
66%
Who was the original conqueror of Westeros?Aegon Targaryen
65%
The Vale
65%
What are the "words" for House LannisterHear Me Roar
64%
Jojen Reed
64%
What does Valar Morghulis translate to?All Men Must Die
63%
Who accompanies Bran, Rickon, Osha and Hodor on their journey to the Three Eyed Raven?Meera Reed
60%
Stormlands
60%
Westerlands
56%
Balon Greyjoy
53%
What does Theon/Reek do to his sister when she attempts to rescue him from the Dreadfort?Bites her arm
21%

Score Distribution

Percentile by Number Answered

Percent of People with Each Score

Your Score History

You have not taken this quiz